01074nam a2200241 a 450000100080000000500110000800800410001910000220006024501290008226001230021130000160033450000140035052002960036465000110066070000180067170000230068970000140071270000200072670000210074670000220076770000180078970000250080721818392025-12-18 2025 bl uuuu u00u1 u #d1 aGUIMARÃES, A. S. aDesafios sanitários no período de transição de vacas leiteiras alojadas em sistemas compost barn.h[electronic resource] aIn: SIMPÓSIO INTERNACIONAL DE BOVINOCULTURA LEITEIRA, 10., 2025, Viçosa, MG. Anais [...]. São Carlos: Scienzac2025 ap. 116-127. aSIMLEITE. aO sistema Compost Barn trouxe mudanças importantes para pecuária leiteira nacional, promovendo avanços na produtividade, no bem-estar e no conforto dos animais. No entanto, a intensifi cação dos sistemas de produção também impõe novos desafi os, principalmente para sanidade animal. aBovino1 aMORENO, A. M.1 aCARVALHO, B. C. de1 aDORNELES.1 aSOUZA, G. N. de1 aDAMASCENO, M. D.1 aGONÇALVES, M. S.1 aCOELHO, M. C.1 aOLIVEIRA, P. F. R. e